000 00489nam a2200181Ia 4500
005 20250508160929.0
008 008 250505s9999 xx 000 0 eng d
037 _aTextual
040 _aFEDL
_beng
_cFEDL
041 _aeng
_2eng
084 _a372.24, WAL
_qFEDL
100 _aWall W D
245 0 _aConstructive education for children
260 _aLondon, UK
_bHarrap Limited
_c1975
300 _axv,349p
942 _cTEXL
_h372.24, WAL
999 _c1367464
_d1367464